Štátna správa v živnostenskom podnikaní.

Nový živnostenský zákon upravuje hmotno-právne podmienky živnostenského podnikania fyzických a právnických osôb a kontrolu nad ich dodržiavaním. Zákony SNR, ktoré konkretizujú pôsobnosť a úlohy orgánov štátnej správy - Ministerstva vnútra SR, okresných úradov a obvodných úradov.

Gespeichert in:
Bibliographische Detailangaben
1. Verfasser: Obrcianová, V.
Format: Buchkapitel
Sprache:Slowakisch
Schlagworte:
Tags: Tag hinzufügen
Keine Tags, Fügen Sie das erste Tag hinzu!

MARC

LEADER 00000naa a2200000 4500
001 r007989
005 20220831085636.5
041 0 |a slo 
044 |a [CS] 
245 1 0 |a Štátna správa v živnostenskom podnikaní.  |c V. Obrcianová 
520 |a Nový živnostenský zákon upravuje hmotno-právne podmienky živnostenského podnikania fyzických a právnických osôb a kontrolu nad ich dodržiavaním. Zákony SNR, ktoré konkretizujú pôsobnosť a úlohy orgánov štátnej správy - Ministerstva vnútra SR, okresných úradov a obvodných úradov. 
610 2 0 |a správa štátna 
610 2 0 |a podnikanie súkromné 
610 2 0 |a zákony 
610 2 0 |a kontrola 
610 2 0 |a orgány štátne 
610 2 0 |a MV SR Bratislava 
610 2 0 |a živnosti 
100 1 |a Obrcianová, V.